01059nam a2200277Ia 450000500170000000800410001702000180005808200170007624500430009325000220013630001060015850000810026453400590034565000370040465000400044165000470048165000380052865000340056694200130060026400300061333600270064333700330067033800280070304000350073199900150076620220317001308.0161108s2009 sp a g 000 0 spa  a978847555074904aR 610.3bD3110aDiccionario de medicina Océano Mosby aPrimera edición a48, 1568 páginas, 48 páginas de láminasbilustraciones, fotografías en colorc26 cme1 CD-ROM aEl CD-ROM tiene como título: Atlas de Anatomía - Diccionario de Medicina tMosby´s medical, nursing and allied health dictionary142LEMB aMedicinas vDiccionarios 142LEMB aEnfermedades vDiccionarios 142LEMB aCiencia de la salud vDiccionarios 142LEMB aAnatomía humana vAtlas 142LEMB aCuerpo humano vAtlas  2ddccREF aBarcelonabOcéanoc2009 atextobtxt2rdacontent asin mediaciónbn2rdamedia avolumenbnc2rdacarrier aCO-BoRNBPbspaerdacCO-BoRNBP c6527d6527